Cómo funciona el capitalismo? El Intercambio desigual y la ley del valor
Gorde:
| Egile nagusia: | |
|---|---|
| Formatua: | Texto |
| Argitaratua: |
México D.F.:
Siglo Veintiuno
|
| Edizioa: | 3 |
| Etiketak: |
Etiketa erantsi
Etiketarik gabe, Izan zaitez lehena erregistro honi etiketa jartzen!
|
MARC
| LEADER | 00000 a a2200000 04500 | ||
|---|---|---|---|
| 001 | 24676 | ||
| 003 | |||
| 040 | |||
| 090 | |a 173000 | ||
| 100 | |a Amin, Samir | ||
| 245 | |a Cómo funciona el capitalismo? El Intercambio desigual y la ley del valor | ||
| 250 | |a 3 | ||
| 260 | |a México D.F.: |b Siglo Veintiuno | ||
| 300 | |a 142 p. |b **no definido** | ||
| 999 | |c 11081 |d 11081 | ||
